Stolice Europy - Statystyki

Ogólne statystyki
  • Ten quiz został rozwiązany 12 razy
    3 od ostatniego zresetowania
  • Średni wynik to 24 z 46
Odpowiedzi na mapie
Odpowiedzi zakodowano w zielono-czerwonej skali na mapie do tego quizu, zgodnie z poniższymi procentami.
 
Statystyki odpowiedzi
Kraj Stolica % Poprawnych
Andora Andora
100%
Polska Warszawa
100%
Holandia Amsterdam
67%
Turcja Ankara
67%
Grecja Ateny
67%
Niemcy Berlin
67%
Szwajcaria Berno
67%
Słowacja Bratysława
67%
Belgia Bruksela
67%
Rumunia Bukareszt
67%
Węgry Bukareszt
67%
Irlandia Dublin
67%
Ukraina Kijów
67%
Dania Kopenhaga
67%
Portugalia Lizbona
67%
Wielka Brytania Londyn
67%
Luksemburg Luksemburg
67%
Hiszpania Madryt
67%
Białoruś Mińsk
67%
Monako Monako
67%
Rosja Moskwa
67%
Norwegia Oslo
67%
Francja Paryż
67%
Czechy Praga
67%
Islandia Reykjavik
67%
Łotwa Ryga
67%
Włochy Rzym
67%
San marino San marino
67%
Bośnia i Hercegowina Sarajewo
67%
Bułgaria Sofia
67%
Szwecja Sztokholm
67%
Watykan Watykan
67%
Austria Wiedeń
67%
Litwa Wilno
67%
Chorwacja Zagrzeb
67%
Finlandia Helsinki
33%
Serbia Belgrad
0%
Mołdawia Kiszyniów
0%
Słowenia Lublana
0%
Czarnogóra Podgorica
0%
Kosowo Prisztina
0%
Macedonia północna Skopje
0%
Estonia Tallin
0%
Albania Tirana
0%
Liechtenstein Vaduz
0%
Malta Valletta
0%
Nie znaleziono quizów pasujących do podanych kryteriów
Rozkład punktacji
Procent ludzi z każdym wynikiem
Percentyl według liczby udzielonych odpowiedzi
Twoja historia wyników
Nie rozwiązałeś tego quizu od ostatniego zresetowania